Stanovenie kapitálovej požiadavky na krytie vybraných katastrofických rizík v životnom a neživotnom poistení recenzovaný monografický vedecký zborník vedeckých prác z oblasti katastrofického rizika
Saved in:
| Corporate Author: | |
|---|---|
| Other Authors: | , , , |
| Format: | Book |
| Language: | Slovak English |
| Published: |
Litomyšl
H.R.G.
2022
|
| Edition: | 1. vydanie |
| Subjects: | |
| Tags: |
No Tags, Be the first to tag this record!
|
MARC
| LEADER | 00000nam a2200000 4500 | ||
|---|---|---|---|
| 001 | 0289607 | ||
| 005 | 20240502083929.6 | ||
| 020 | |a 978-80-7490-283-3 | ||
| 041 | 0 | |a slo | |
| 041 | 0 | |a eng | |
| 044 | |a CZ | ||
| 245 | 1 | 0 | |a Stanovenie kapitálovej požiadavky na krytie vybraných katastrofických rizík v životnom a neživotnom poistení |b recenzovaný monografický vedecký zborník vedeckých prác z oblasti katastrofického rizika |c zostavovateľ / Editor: Silvia Zelinová ; recenzenti / Reviewers: František Peller, Mária Bilíková, Galina Horáková |
| 250 | |a 1. vydanie | ||
| 264 | 1 | |a Litomyšl |b H.R.G. |c 2022 | |
| 300 | |a 85 s. [4,4 AH] | ||
| 610 | 2 | 0 | |a kapitál |
| 610 | 2 | 0 | |a riziko poistné |
| 610 | 2 | 0 | |a škody |
| 610 | 2 | 0 | |a pohromy živelné |
| 610 | 2 | 0 | |a poistenie životné |
| 610 | 2 | 0 | |a poistenie neživotné |
| 610 | 2 | 0 | |a metódy aktuárske |
| 610 | 2 | 0 | |a modely aktuárske |
| 700 | 1 | |a Zelinová, Silvia, 1987- | |
| 700 | 1 | |a Peller, František | |
| 700 | 1 | |a Bilíková, Mária, 1951- | |
| 700 | 1 | |a Horáková, Galina | |
| 710 | 2 | |a Fakulta hospodárskej informatiky EU. Katedra matematiky a aktuárstva | |